Digital systems design with FPGAs and CPLDs / (رقم التسجيلة. 30289)

تفاصيل مارك
000 -الفاتح
حقل البيانات ثابتة الطول 01283cam a2200349 a 4500
001 - رقم الضبط
رقم الضبط 7689908
003 - محدد رقم الضبط
رقم الضبط OSt
005 - وقت وتاريخ اخر تعامل مع التسجيلة
رقم الضبط 20150408114136.0
006 - عناصر البيانات ثابتة الطول - خصائص المادة الاضافية-معلومات عامة
حقل البيانات ثابتة الطول m d
007 - الحقل الثابت للوصف المادى- معلومات عامة
حقل البيانات ثابتة الطول cr n
008 - عناصر البيانات ثابتة الطول - معلومات عامة
حقل البيانات ثابتة الطول 130804s2011 ne a f b 001 0 eng d
020 ## - الرقم الدولى المعيارى للكتب
الرقم الدولى المعيارى للكتاب 9780750683975 (alk. paper)
020 ## - الرقم الدولى المعيارى للكتب
الرقم الدولى المعيارى للكتاب 9788131218563
040 ## - مصدر الفهرسة
وكالة الفهرسة الأصلية Ma-Un
082 00 - رقم تصنيف ديوى العشرى
رقم الطبعة 22
رقم التصنيف 621.381
رقم المادة GLD
100 1# - المدخل الرئيسى - إسم شخصى
الإسم الشخصى Grout, Ian.
9 (RLIN) 36385
210 10 - العنوان المختصر
العنوان المختصر Digital systems design with FPGAs and CPLDs
245 10 - بيان العنوان
العنوان Digital systems design with FPGAs and CPLDs /
بيان المسئوليه,etc Ian Grout.
260 ## - PUBLICATION, DISTRIBUTION, ETC. (IMPRINT)
مكان الناشر او الموزع Amsterdam ;
-- Boston :
اسم الناشر او الموزع Elsevier / Newnes,
تاريخ النشر أو التوزيع c2011.
300 ## - الوصف المادى
التعداد 724 p. :
تفاصيل ماديه اخرى للوعاء ill. ;
أبعاد الوعاء 25 cm.
500 ## - تبصرة عامة
تبصرة عامة Includes index
504 ## - تبصرة ببليوجرافية
تبصرة ببليوجرافية,الخ Includes bibliographical references (p. 707-715) .
506 ## - تبصرة قيود الاتاحة
قيود الإتاحة License restrictions may limit access.
650 #0 - المدخل الاضافى بالموضوع-مصطلح موضوعى
مصطلح موضوعي أو اسم جغرافي كعنصر مدخل Digital electronics.
9 (RLIN) 11733
650 #0 - المدخل الاضافى بالموضوع-مصطلح موضوعى
مصطلح موضوعي أو اسم جغرافي كعنصر مدخل Digital circuits
التقسيم الفرعي العام Design and construction.
9 (RLIN) 36386
650 #0 - المدخل الاضافى بالموضوع-مصطلح موضوعى
مصطلح موضوعي أو اسم جغرافي كعنصر مدخل Field programmable gate arrays.
9 (RLIN) 36387
650 #0 - المدخل الاضافى بالموضوع-مصطلح موضوعى
مصطلح موضوعي أو اسم جغرافي كعنصر مدخل Programmable logic devices.
9 (RLIN) 36388
773 #0 - مدخل المادة المضيفة
العنوان Referex Electronics and Electrical Engineering
856 40 - الوصول و الموقع الالكترونى
معرف المصدر الموحد http://www.columbia.edu/cgi-bin/cul/resolve?clio7689908
تبصرة عامة Full text available from Referex Electronics and Electrical Engineering
910 ## - بيانات اختيارية للمستخدم
User-option data Library of Congress record
942 ## -
-- ddc
-- BOOK
999 ## -
-- 30289
-- 264789
المقتنيات
حالة الفقد نموذج السعر الفعال حالة تلف ليس للاعارة رقم الطلب رقم النسخة تاريخ الاكتساب Serial Enumeration / chronology الباركود الفرع الرئيسي Date last seen نوع المادة فى نظام كوها مصدر التصنيف او خطة الترفيف Total Checkouts
  2013-08-04   Not For Loan 621.381 GLD 1 2013-08-04 CL 00206045 المكتبة المركزية بالمجمعة (CL) 2013-08-04 كتاب Dewey Decimal Classification  
  2013-08-05     621.381 GLD 2 2013-08-05 CL 00205930 المكتبة المركزية بالمجمعة (CL) 2013-08-05 كتاب Dewey Decimal Classification  
  2013-08-05     621.381 GLD 3 2013-08-05 CL 00205931 المكتبة المركزية بالمجمعة (CL) 2013-08-05 كتاب Dewey Decimal Classification